000 00715nam a2200217 i 4500
001 bg
100 1 _aOWSIAK, Zygmunt
245 1 0 _aElementy teorii maszyn rolniczych /
_cZygmunt Owsiak.
260 _aWrocław :
_bWydaw. AR,
_c1994.
300 _a191, [1] s. :
_brys., wykr. ;
_c24 cm.
490 1 _aSkrypty Akademii Rolniczej we Wrocławiu,
_x0239-5762 ;
_vnr 391
504 _aBibliogr. s. [192].
650 9 _aRolnictwo
_xnarzędzia i maszyny
_xbudowa i konstrukcje
655 _aPodręczniki akademickie
830 _aSkrypty Akademii Rolniczej we Wrocławiu,
_x0239-5762 ;
040 _cBPK
041 0 _apl
080 _a631.3:621.01](075.8)
942 _cKS
008 s pl f |000 0 pol
999 _c25096
_d25096
856 _uhttp://koha.tu.koszalin.pl/cgi-bin/koha/opac-detail.pl?biblionumber=25096
_yKatalog online BPK